| 000 | 00384nam a2200133Ia 4500 | ||
|---|---|---|---|
| 008 | 231129s1999||||xx |||||||||||||| ||spa|| | ||
| 020 | _a1-885960-01-8 | ||
| 040 | _beng | ||
| 082 | _aR 613.94 L795 | ||
| 245 | 0 | _aLo esencial de la tecnologia anticonceptiva | |
| 260 | _c1999 | ||
| 264 | _aPrograma de Informacion en poblacion | ||
| 942 |
_2ddc _cBKS |
||
| 999 |
_c19366 _d19366 |
||